Análisis del método racional de dimensionamiento de pavimentos Alize y su aplicación en Costa Rica

Salvato in:
Dettagli Bibliografici
Autore principale: Porras González, Javier Francisco
Natura: Libro
Pubblicazione: [San José , Costa Rica] 1996
Soggetti:
Tags: Aggiungi Tag
Nessun Tag, puoi essere il primo ad aggiungerne!!

MARC

LEADER 00000nam a2200000Ia 4500
003 007988
005 20221231144244.0
008 140114s1996 cr a m 000 ||s d
040 |c cru CEDI 
090 |a TFG 3808 
100 |a Porras González, Javier Francisco  |9 10221 
245 |a Análisis del método racional de dimensionamiento de pavimentos Alize y su aplicación en Costa Rica 
260 |c 1996  |a  [San José , Costa Rica] 
300 |a  82 hojas : ilustraciones  
500 |a  Proyecto de graduación (licenciatura en ingeniería civil)--Universidad de Costa Rica. Facultad de Ingeniería. Escuela de Ingeniería Civil 
650 |x PAVIMENTOS - ANALISIS  |9 10222 
942 |c TFG 
999 |c 19161  |d 19161